Vista normal
Vista MARC
Entrada Personal Name
Número de registros utilizados en: 1
001 - CONTROL NUMBER
- control field: 39624
003 - CONTROL NUMBER IDENTIFIER
- control field: OSt
005 - DATE AND TIME OF LATEST TRANSACTION
- control field: 20210824142400.0
008 - FIXED-LENGTH DATA ELEMENTS
- fixed length control field: 210824|| aca||aabn | a|a d
040 ## - CATALOGING SOURCE
- Original cataloging agency: OSt
- Transcribing agency: OSt
100 ## - HEADING--PERSONAL NAME
- Personal name: Fueyo Laneri, Fernando
670 ## - SOURCE DATA FOUND
- Source citation: Work cat.: (OSt)12231: Fueyo Laneri, Fernando. autor, Corrección monetaria y pago legal /, 1978.